000 00505nam a2200169Ia 4500
005 20250423095202.0
008 250422s9999 xx 000 0 und d
020 _a9781842657829
050 _aTK 7895.E42 .G36/
100 _aGanguly, Amar K.
245 0 _aEmbedded systems: design, programming and applications
260 _aUnited Kingdom
260 _bAlpha science international Ltd.
260 _c2014
650 _a Embedded computer systems. Motorola 68HC11 (Microprocessor)
942 _cBK
999 _c29507
_d29507